| 000 | 00364cam a2200145ua 4500 | ||
|---|---|---|---|
| 041 |
_aeng _h |
||
| 082 |
_a823.308 _bPRI/GO |
||
| 100 | _aPriestly, J B. | ||
| 245 |
_aGood companions / _cJ B Priestly. _hTextual Documents |
||
| 260 |
_aLondon : _bHeinemann Educational Books Ltd. , _c1962. |
||
| 300 | _a604 ; . | ||
| 504 | _a | ||
| 942 | _cBK | ||
| 999 |
_c5072 _d5072 |
||